| 000 | 00898nam a2200265 a 4500 | ||
|---|---|---|---|
| 001 | 60768 | ||
| 003 | BD-RjUL | ||
| 005 | 20211209080900.0 | ||
| 008 | 170102s1980 cau b 001 0 eng d | ||
| 020 | _a0875894674 | ||
| 035 | _a(BD-RjUL)60892 | ||
| 040 |
_aBD-RjUL _cBD-RjUL _dBD-RjUL _beng |
||
| 041 | _aeng | ||
| 082 | 0 | 0 |
_223 _a374 _bKND 1980 |
| 100 | 1 |
_aKnox, Alan Boyd, _d1931- _9179653 |
|
| 245 | 1 | 0 |
_aDeveloping, administering, and evaluating adult education / _cAlan B. Knox and associates. |
| 250 | _a1st ed. | ||
| 260 |
_aSan Francisco : _bJossey-Bass, _cc1980. |
||
| 300 |
_axvii, 299 p. ; _c24 cm. |
||
| 490 | 1 | _aAdult Education Association handbook series in adult education | |
| 504 | _aBibliography: p. 263-289. and Includes index. | ||
| 650 | 0 |
_aAdult education. _9180319 |
|
| 830 |
_aAdult Education Association handbook series in adult education _9181060 |
||
| 942 |
_2ddc _cBK |
||
| 999 |
_c60768 _d60768 |
||